000 00900nam a22002537a 4500
005 20170124103020.0
010 _aA-352499
020 _c60.00
035 _aA-352499
037 _bCen Lib/Ret
_a8190379607
040 _aDPL
_bHN
082 _a
_bबलरा
100 _aबलराम
_96954
245 _aअनचाहे सफ़र /
_cबलराम
246 _aAnchahe safar /
_bby Balraam
260 _aनई दिल्ली
_bप्रवीन प्रकाशन
_c2004
270 _aमहरौली
_bनई दिल्ली
_e110030
300 _a272पृ.
_c16सेमी(सजिल्द )
650 _aहिंदी साहित्य
_x
_z
_960344
650 _aहिंदी उपन्यास
_960345
650 _aHindi literature
_v
_960346
650 _aHindi fiction
_927248
942 _2ddc
_cHN
_h
_mबलरा
999 _c115196
_d115196